| 000 | 01081cab a2200217 4500 | ||
|---|---|---|---|
| 001 | ABS39961 | ||
| 008 | 090401t1988 xxu||||| |||| 00| 0 eng d | ||
| 035 | _a(Sirsi) u20313 | ||
| 041 | _aeng | ||
| 100 | _aPengilly, R. | ||
| 245 | _aWhat integrated services need to keep them working | ||
| 260 | _c1988 | ||
| 350 | _a0 | ||
| 490 |
_aBuilding Services & Environmental Engineer _v11(3) November 1988, 11 |
||
| 520 | _aOver recent years there have been dramatic changes in office buildings with the development of computer systems integrated with complex information communication networks, building automation and environmental systems. Therefore, it is even more important that these increasingly sophisticated buildings are kept working. In this paper, the author outlines how this can be successfully achieved with reference to one particular approach, total facilities management (TFM). | ||
| 650 |
_aBlock management _96220 |
||
| 650 | _aMANAGEMENT-BUSINESS MANAGEMENT-INFORMATION MANAGEMENT | ||
| 690 |
_aBlock management _96220 |
||
| 942 | _n0 | ||
| 948 | _c04/03/1997 | ||
| 999 |
_c13609 _d13609 |
||